| 000 | 04141nam a2200241 4500 | ||
|---|---|---|---|
| 003 | NALT | ||
| 005 | 20260219142416.0 | ||
| 008 | 260210b th ||||| |||| 00| 0 tha d | ||
| 040 | _aNALT | ||
| 090 | _aELR 214/2 2568 | ||
| 100 | 0 |
_aวิชชุดา พึ่งชื่น _945884 |
|
| 245 | 1 | 0 |
_aการพัฒนาแนวทางรักษาความสงบเรียบร้อยและความปลอดภัยในบริเวณรัฐสภา โดยใช้ Web Application / _cวิชชุดา พึ่งชื่น. |
| 246 | 3 | 0 | _aข้อเสนอแนวคิดในการปรับปรุงหรือพัฒนางาน. |
| 260 |
_aกรุงเทพฯ : _bสำนักงานเลขาธิการสภาผู้แทนราษฎร, _c2568. |
||
| 300 |
_a60 หน้า : _bภาพประกอบ, ตาราง, แผนภูมิ ; _c30 ซม. |
||
| 505 | 2 | _aบทที่ 1 บทนำ -- 1.1 ความเป็นมาและความสำคัญของปัญหา -- 1.2 วัตถุประสงค์ของการศึกษา -- 1.3 ขอบเขตของการศึกษา -- 1.4 วิธีการศึกษา -- 1.5 ประโยชน์ที่คาดว่าจะได้รับ -- บทที่ 2 แนวคิด ทฤษฎี กฎหมายและยุทธศาสตร์ที่เกี่ยวข้อง -- 2.1 แนวความคิดการพัฒนางานประจำโดยใช้วิธีการวิจัยเป็นเครื่องมือ (Routine to research : R2R) -- 2.2 แนวคิดการใช้ระบบสารสนเทศพัฒนาการปฏิบัติงาน -- 2.3 แนวคิดด้านการจัดการข้อมูล -- 2.4 งานวิจัยที่เกี่ยวข้อง -- 2.5 กฎหมายที่เกี่ยวข้อง -- 2.6 ยุทธศาสตร์ที่เกี่ยวข้อง -- 2.7 แผนงานและแนวทางการรักษาความสงบเรียบร้อยและความปลอดภัยในบริเวณรัฐสภาโดยใช้ Web Application -- บทที่ 3 วิธีการศึกษา -- 3.1 วิธีดำเนินการศึกษา -- 3.2 ขั้นตอนการศึกษา -- 3.3 วิธีการเก็บข้อมูล -- 3.4 วิธีการวิเคราะห์ข้อมูล -- 3.5 กรอบแนวคิดในการศึกษา -- บทที่ 4 ผลการศึกษา -- 4.1 ปัญหาและอุปสรรคการรักษาความสงบเรียบร้อยและความปลอดภัยในบริเวณรัฐสภาในการบริหารจัดการยานพาหนะ -- 4.2 แนวทางในการรักษาความสงบเรียบร้อยและความปลอดภัยสถานที่ในบริเวณรัฐสภาโดยใช้ Web Application -- 4.3 แนวทางในการบริหารจัดการยานพาหนะในบริเวณรัฐสภาโดยใช้ Web Application -- บทที่ 5 สรุปผลการศึกษา อภิปรายผล และข้อเสนอแนะ -- 5.1 สรุปผลการศึกษา -- 5.2 อภิปรายผล -- 5.3 ข้อเสนอแนะ. | |
| 650 | 4 |
_aรัฐสภา _xการรักษาความปลอดภัย _949654 |
|
| 942 |
_2local _cIS |
||
| 996 |
_ajidapa.t _bACQSTF _c2026-02-10 |
||
| 996 |
_avaree.k _bLIBSTF _c2026-02-12 |
||
| 996 |
_asaiphon.d _bCATSTF _c2026-02-19 |
||
| 999 |
_c107754 _d107754 |
||
| 998 |
_j104 _k นางสาวสายฝน ดีงาม |
||